000 00182 a2200097 4500
001 8290
100 _aLudwig, E
245 _aNapoleon
260 _a
_bAllen
_c
090 _c6669
_d6669
942 _aNUST-CAE
_cM
_c33232
999 _c243363
_d243363